000 00715cab a2200265 4500
001 ABS58455
008 090401t1998 xxu||||| |||| 00| 0 eng d
035 _a(Sirsi) u85270
041 _aeng
100 _aWhite, G.
245 2 _aA look at who is responsible for repairs
260 _c1998
350 _a0
490 _aProperty Week
_v62(9) 13 March 1998, 30-31(2)
520 _aDiscusses who is responsible for repairs from both the landlord and the tenant`s viewpoint.
650 _aLANDLORD
650 _aLIABILITY
650 _aREPAIR COSTS
650 _aREPAIRS
650 _aTENANT
690 _aPROPERTY-LANDLORD AND TENANT
700 _aVivian, J.
942 _n0
948 _c27/03/1998
999 _c53608
_d53608